Science Quiz

Random Science or Grab Bag Quiz
Score 0/45 Timer 08:00
3 Plays Today
Hint Answer % Correct
ElementsHydrogen
99.4%
Planets of the Solar SystemNeptune
94.6%
Planets of the Solar SystemJupiter
94.5%
Planets of the Solar SystemMars
94.4%
Planets of the Solar SystemMercury
94%
ElementsGold
93.9%
Planets of the Solar SystemEarth
93%
Human BonesFemur
92.8%
S.I. UnitsHertz
90.4%
Human OrgansAppendix
89.4%
S.I. UnitsKilogram
89.1%
S.I. UnitsKelvin
88.7%
Human OrgansEye
87.5%
Human OrgansBladder
87.4%
Human OrgansLiver
87.2%
ScientistsCharles Darwin
86.5%
ScientistsAlbert Einstein
84.6%
ConstellationsVirgo
82.9%
MammalsArctic fox
82.5%
MammalsCheetah
81.8%
ConstellationsSagittarius
80.2%
Human BonesHumerus
80%
ScientistsNikola Tesla
79.7%
Hint Answer % Correct
MammalsHippopotamus
79.6%
Human OrgansSmall Intestine
79.3%
ElementsCarbon
78.1%
ConstellationsAndromeda
77.7%
S.I. UnitsJoule
75.6%
ConstellationsUrsa Major
75.2%
ScientistsGalileo Galilei
70.9%
Human BonesMetatarsal
69.1%
Mohs Hardness ScaleGypsum
63%
Human BonesSternum
60.6%
Human BonesClavicle
60.1%
MammalsPolar Bear
59.6%
ScientistsMarie Curie
58.5%
Mohs Hardness ScaleTalc
56.9%
ElementsArsenic
51.4%
ElementsStrontium
48.3%
MammalsSquirrel
43.5%
Mohs Hardness ScaleApatite
38.7%
S.I. UnitsCandela
35.6%
Mohs Hardness ScaleFluorite
26.6%
Mohs Hardness ScaleCalcite
19.1%
ConstellationsDelphinus
17.4%
Remove Ads.
Support Sporcle.
Get the best of Sporcle when you Go Orange. This ad-free experience offers more features, more stats, and more fun while also helping to support Sporcle. Thank you for becoming a member.

You're not logged in!

Compare scores with friends on all Sporcle quizzes.
OR
Log In

Sporcle TV

Today on Sporcle TV


Watch our educational content, quiz creation guides, and fun videos on Sporcle TV.

Show Comments

Extras

Top Quizzes Today


Score Distribution

Paid Content

Your Account Isn't Verified!

In order to create a playlist on Sporcle, you need to verify the email address you used during registration. Go to your Sporcle Settings to finish the process.

Report this User

Report this user for behavior that violates our Community Guidelines.

Details: